Lịch sử tâm lý học /
Bewaard in:
| Hoofdauteur: | |
|---|---|
| Formaat: | Sách giấy |
| Taal: | Vietnamese |
| Gepubliceerd in: |
H. :
Giáo dục,
2004.
|
| Onderwerpen: | |
| Tags: |
Voeg label toe
Geen labels, Wees de eerste die dit record labelt!
|
| Thư viện lưu trữ: | Thư viện Trường Đại học Đà Lạt |
|---|
| LEADER | 00707nam a2200289 4500 | ||
|---|---|---|---|
| 001 | DLU040030228 | ||
| 005 | ##20041221 | ||
| 040 | # | # | |a DLU |b vie |
| 041 | # | # | |a vie |
| 044 | # | # | |a vn |
| 082 | # | # | |a 150 |b VO-C |
| 100 | # | # | |a Võ Thị Minh Chí, |c PGS.TS. |
| 245 | # | # | |a Lịch sử tâm lý học / |c Võ Thị Minh Chí. |
| 260 | # | # | |a H. : |b Giáo dục, |c 2004. |
| 300 | # | # | |a 260 tr. ; |c 21 cm. |
| 504 | # | # | |a Tài liệu tham khảo : tr.255. |
| 650 | # | # | |a Tâm lý học |x Lịch sử. |
| 923 | # | # | |a 41/2004 |
| 992 | # | # | |a 19000 |
| 994 | # | # | |a DLU |
| 900 | # | # | |a True |
| 911 | # | # | |a Đào Thị Thu Huyền |
| 925 | # | # | |a G |
| 926 | # | # | |a A |
| 927 | # | # | |a SH |
| 980 | # | # | |a Thư viện Trường Đại học Đà Lạt |